Statistics for Asia Country Demonyms

Click here to take the quiz!

General Stats

  • This quiz has been taken 37 times
  • The average score is 24 of 31

Answer Stats

CountryDemonym% Correct
ArmeniaArmenian
100%
AzerbaijanAzerbaijani
94%
CambodiaCambodian
94%
ChinaChinese
94%
GeorgiaGeorgian
94%
IndiaIndian
94%
IndonesiaIndonesian
94%
JapanJapanese
94%
BangladeshBangladeshi
91%
BhutanBhutanese
91%
MalaysiaMalaysian
88%
ThailandThai
88%
South KoreaKorean
85%
North KoreaKorean
85%
KyrgyzstanKyrgyz
85%
MongoliaMongolian
85%
RussiaRussian
85%
TaiwanTaiwanese
85%
KazakhstanKazakhstani
82%
NepalNepalese
82%
UzbekistanUzbek
82%
PhilippinesFilipino
79%
Sri LankaSri Lankan
76%
MaldivesMaldivian
71%
TajikistanTajikistani
71%
BruneiBruneian
68%
SingaporeSingaporean
68%
Myanmar(Burma)Burman
18%
Timor LesteEast Timorese
15%
TurkmenistanTurkmenian
15%
LaosLao Laotian
6%

Score Distribution

Percentile by Number Answered

Percent of People with Each Score

Your Score History

You have not taken this quiz